| 000 | 00499 a2200181 4500 | ||
|---|---|---|---|
| 005 | 20260116153841.0 | ||
| 008 | 260114b |||||||| |||| 00| 0 eng d | ||
| 020 |
_a9789358771800 _cRs. 800.00 |
||
| 040 | _aMAIN | ||
| 082 |
_a796.07072 _bA57B |
||
| 100 | _aPal, Amit | ||
| 245 | _aBasics of research and statistics in physical education | ||
| 260 |
_bKhel Sahitya Kendra _c2025 _aNew Delhi |
||
| 300 | _a170 | ||
| 650 | _aPhysical Education | ||
| 650 | _aResearch-Ststistics | ||
| 942 | _cBK | ||
| 999 |
_c393718 _d393718 |
||